000 00685nam a2200241Ia 4500
003 OSt
005 20221005090452.0
006 a|||||r|||| 00| 0
007 ta
008 221004b |||||||| |||| 00| 0 eng d
024 _a71284
037 _cTextual
040 _aCRL
_cCRL
_beng
041 _2eng
_aeng
082 _aY15a1,13,N3, M1
100 _aBarrow Margarat
_9615316
245 0 _aWomen 1870-1928
_b A select guide to printed and archival sources in the United Kingdom
260 _aNew York
_bMansell
_c1981
300 _a249p
_ccm.
650 _aSOCIOLOGY
942 _hY15a1,13,N3, M1
_cTEXL
_2cc
999 _c995846
_d995846